00422nam a2200157Ia 4500003000400000005001700004008004000021040000700061041001200068082001700080100006700097245003800164260003600202300001000238650001600248OSt20240530123338.0210210b1995 xxu||||| |||| 00| 0 eng d cAL aKonkani a891.468 REGK aREGO (Gladys)dಗ್ಲೇಡಿಸ್ ರೇಗೊ  aKonkni bhashechen mansha shastir. aManglur.bAkash Prakashanc1995 ax,117 aKonkni Bhas